[Event "Madrid-chT 1920"]
[Site "Madrid"]
[Date "2020.02.09"]
[Round "8.3"]
[White "Perez Gonzalez, Jose Manuel"]
[Black "Martinez Fernandez, Raul"]
[Result "0-1"]
[WhiteElo "2205"]
[BlackElo "2201"]
[PlyCount "104"]
[EventDate "2019.11.24"]
[EventType "team-tourn"]
[EventRounds "14"]
[EventCountry "ESP"]
[SourceVersionDate "2019.11.24"]
[WhiteTeam "Liberty Chess"]
[BlackTeam "San Sebastian de los Reyes"]
[WhiteTeamCountry "ESP"]
[BlackTeamCountry "ESP"]

1. e4 e5 2. Nf3 Nc6 3. Nc3 Nf6 4. d4 exd4 5. Nd5 Nb4 6. Nxd4 Nbxd5 7. exd5 Nxd5
8. Nf5 Ne7 9. Ng3 d6 10. Bd3 Ng6 11. O-O Be7 12. Nh5 O-O 13. Bd2 Ne5 14. Be2 f5
15. Bc3 f4 16. Qd5+ Kh8 17. Bxe5 dxe5 18. Qxe5 Rf7 19. Bc4 Bd6 20. Qd4 Qf8 21.
Rae1 Bg4 22. Bxf7 Qxf7 23. Nxf4 Qxf4 24. Qxf4 Bxf4 25. Re4 g5 26. g3 Bf3 27.
Re7 Bd6 28. Rf7 Bg4 29. h3 Bxh3 30. Re1 Bg4 31. Re4 h5 32. f3 Kg8 33. Rf6 Bc5+
34. Kg2 Kg7 35. fxg4 Kxf6 36. gxh5 Rd8 37. Kf3 Rd2 38. Rc4 Bd6 39. g4 Rh2 40.
a4 a5 41. b3 Ke5 42. Re4+ Kd5 43. c4+ Kc5 44. Re8 Kb4 45. Rb8 b6 46. Ke4 Kxb3
47. Kf5 Kxa4 48. Kxg5 Kb3 49. Kg6 a4 50. h6 a3 51. Re8 a2 52. Re1 Be5 0-1

[Event "Madrid-chT 1920"]
[Site "Madrid"]
[Date "2020.02.09"]
[Round "8.4"]
[White "Quevedo Marin, Manuel"]
[Black "Paredes Sanchez, Juan Antonio"]
[Result "1-0"]
[WhiteElo "2198"]
[BlackElo "2144"]
[PlyCount "76"]
[EventDate "2019.11.24"]
[EventType "team-tourn"]
[EventRounds "14"]
[EventCountry "ESP"]
[SourceVersionDate "2019.11.24"]
[WhiteTeam "San Sebastian de los Reyes"]
[BlackTeam "Liberty Chess"]
[WhiteTeamCountry "ESP"]
[BlackTeamCountry "ESP"]

1. d4 Nf6 2. c4 g6 3. Nc3 Bg7 4. e4 d6 5. f4 c5 6. d5 O-O 7. Nf3 e6 8. dxe6
fxe6 9. Bd3 Nc6 10. O-O Nd4 11. Nxd4 cxd4 12. Nb5 e5 13. fxe5 dxe5 14. Bg5 a6
15. Na3 h6 16. Bxf6 Bxf6 17. c5 Qe7 18. b4 a5 19. Nc4 axb4 20. Nb6 Ra3 21. Nd5
Qd8 22. Bc4 Be6 23. Qd2 Bxd5 24. Bxd5+ Kg7 25. Qxb4 Ra7 26. Rab1 Be7 27. Rxf8
Qxf8 28. Rf1 Bxc5 29. Qe1 d3+ 30. Kh1 Qd8 31. Rf7+ Kh8 32. Qc3 Bd4 33. Qb4 d2
34. Qxd2 Qa5 35. Qc2 Qd8 36. Qc1 g5 37. Qf1 Bc5 38. Qf5 Qg8 1-0

[Event "Madrid-chT 1920"]
[Site "Madrid"]
[Date "2020.02.09"]
[Round "8.5"]
[White "Barraza Caracuel, Ignacio"]
[Black "Guillo Longares, Cecilia"]
[Result "1-0"]
[WhiteElo "2128"]
[BlackElo "2113"]
[PlyCount "41"]
[EventDate "2019.11.24"]
[EventType "team-tourn"]
[EventRounds "14"]
[EventCountry "ESP"]
[SourceVersionDate "2019.11.24"]
[WhiteTeam "Liberty Chess"]
[BlackTeam "San Sebastian de los Reyes"]
[WhiteTeamCountry "ESP"]
[BlackTeamCountry "ESP"]

1. e4 c5 2. Nf3 Nc6 3. Nc3 g6 4. d4 cxd4 5. Nxd4 Bg7 6. Be3 Nf6 7. Nxc6 bxc6 8.
e5 Ng8 9. f4 f6 10. Bd4 fxe5 11. fxe5 c5 12. Bxc5 Qc7 13. Bd4 Bxe5 14. Nb5 Qb8
15. Qd2 Nf6 16. O-O-O a6 17. Bxe5 Qxe5 18. Re1 Qc5 19. Nd6+ Kf8 20. Qh6+ Kg8
21. Rxe7 1-0

[Event "Madrid-chT 1920"]
[Site "Madrid"]
[Date "2020.02.09"]
[Round "8.6"]
[White "Jovancevic, Jovan"]
[Black "Suarez Triguero, Jose Alfonso"]
[Result "1-0"]
[WhiteElo "2092"]
[BlackElo "2043"]
[PlyCount "89"]
[EventDate "2019.11.24"]
[EventType "team-tourn"]
[EventRounds "14"]
[EventCountry "ESP"]
[SourceVersionDate "2019.11.24"]
[WhiteTeam "San Sebastian de los Reyes"]
[BlackTeam "Liberty Chess"]
[WhiteTeamCountry "ESP"]
[BlackTeamCountry "ESP"]

1. d4 Nf6 2. c4 c5 3. d5 e5 4. Nc3 d6 5. e4 Nbd7 6. Nf3 a6 7. Be3 Be7 8. Be2
Nf8 9. O-O Ng6 10. Ne1 O-O 11. Rb1 Nd7 12. Qd2 Re8 13. g3 Nf6 14. f3 Bd7 15. b4
b6 16. Rf2 Qc7 17. Qd3 Rec8 18. Bf1 Rcb8 19. Rfb2 Ne8 20. Ng2 Nf8 21. f4 exf4
22. gxf4 Ng6 23. Bf2 Bf6 24. h4 cxb4 25. Rxb4 b5 26. h5 Nf8 27. e5 dxe5 28. c5
exf4 29. Be2 Qe5 30. Bd4 Qg5 31. Rf1 a5 32. Bxf6 Nxf6 33. Rbxf4 b4 34. Ne4 Nxe4
35. Qxe4 Re8 36. Qf3 Rxe2 37. Qxe2 Qxd5 38. Rxf7 Qxc5+ 39. R1f2 Qc1+ 40. Kh2
Qc7+ 41. Kh1 Qd6 42. Qe4 Qd1+ 43. Kh2 Qxh5+ 44. Kg1 Re8 45. Qxe8 1-0

[Event "Madrid-chT 1920"]
[Site "Madrid"]
[Date "2020.02.08"]
[Round "8.1"]
[White "Gascon del Nogal, Jose Rafael"]
[Black "Elissalt Cardenas, Hector"]
[Result "0-1"]
[WhiteElo "2441"]
[BlackElo "2267"]
[PlyCount "128"]
[EventDate "2019.11.24"]
[EventType "team-tourn"]
[EventRounds "14"]
[EventCountry "ESP"]
[SourceVersionDate "2019.11.24"]
[WhiteTeam "Villalba 64"]
[BlackTeam "Tajamar"]
[WhiteTeamCountry "ESP"]
[BlackTeamCountry "ESP"]

1. d4 Nf6 2. Nc3 d6 3. e4 e5 4. Nf3 Nbd7 5. Bc4 Be7 6. a4 O-O 7. O-O c6 8. h3
b6 9. Be3 Bb7 10. Ba2 a6 11. dxe5 dxe5 12. Nh4 g6 13. Nf3 Nh5 14. Bh6 Qc7 15.
Bxf8 Rxf8 16. Qd2 Kg7 17. Rad1 Bc8 18. Ne2 Nhf6 19. Ng3 h6 20. Qc3 a5 21. Bc4
Re8 22. h4 Bb4 23. Qe3 Ng4 24. Qe2 Ndf6 25. h5 Bc5 26. Ne1 Qe7 27. Qf3 Nxf2 28.
Rxf2 Bg4 29. hxg6 fxg6 30. Kf1 Bxf3 31. Rxf3 Rf8 32. Ke2 Ne8 33. Rxf8 Kxf8 34.
Nf3 Nd6 35. Bd3 Kg7 36. Rh1 b5 37. Rh4 bxa4 38. Rg4 Kh7 39. Nh4 g5 40. Ngf5 Qf7
41. Nf3 Qh5 42. Nxe5 Nf7 43. Ng3 Qh2 44. Nxf7 Qxg2+ 45. Kd1 Qf3+ 46. Be2 Qxf7
47. e5 Kh8 48. Re4 Qf2 49. Nf1 a3 50. bxa3 Bxa3 51. e6 Be7 52. Bd3 h5 53. Ne3
a4 54. Re5 Bb4 55. Nc4 a3 56. e7 Bxe7 57. Ra5 Bb4 58. Ra8+ Kg7 59. c3 a2 60.
Nd2 Bxc3 61. Rxa2 Bxd2 62. Rxd2 Qg1+ 63. Kc2 h4 64. Re2 h3 0-1

[Event "Madrid-chT 1920"]
[Site "Madrid"]
[Date "2020.02.08"]
[Round "8.2"]
[White "Rodriguez Lopez, David"]
[Black "Valles Moreno, Ivan"]
[Result "0-1"]
[WhiteElo "2160"]
[BlackElo "2415"]
[PlyCount "40"]
[EventDate "2019.11.24"]
[EventType "team-tourn"]
[EventRounds "14"]
[EventCountry "ESP"]
[SourceVersionDate "2019.11.24"]
[WhiteTeam "Tajamar"]
[BlackTeam "Villalba 64"]
[WhiteTeamCountry "ESP"]
[BlackTeamCountry "ESP"]

1. e4 c5 2. c3 e6 3. d4 d5 4. exd5 exd5 5. Bd3 Nc6 6. Ne2 Qf6 7. O-O Bd6 8.
dxc5 Bxc5 9. Ng3 h5 10. Nd2 Bg4 11. Be2 Qg6 12. Nb3 Bb6 13. Qxd5 Nf6 14. Qg5 h4
15. Qxg6 fxg6 16. Ne4 Bxe2 17. Nxf6+ gxf6 18. Re1 O-O-O 19. Bf4 Bc4 20. Nd4 g5
0-1

[Event "Madrid-chT 1920"]
[Site "Madrid"]
[Date "2020.02.08"]
[Round "8.3"]
[White "Ruperez Benito, Antonio"]
[Black "Mkrtchyan, Levon"]
[Result "1-0"]
[WhiteElo "2353"]
[BlackElo "2198"]
[PlyCount "113"]
[EventDate "2019.11.24"]
[EventType "team-tourn"]
[EventRounds "14"]
[EventCountry "ESP"]
[SourceVersionDate "2019.11.24"]
[WhiteTeam "Villalba 64"]
[BlackTeam "Tajamar"]
[WhiteTeamCountry "ESP"]
[BlackTeamCountry "ESP"]

1. e4 e5 2. Nf3 Nc6 3. Bc4 Nf6 4. d3 Bc5 5. O-O d6 6. Nbd2 a6 7. c3 O-O 8. Bb3
Kh8 9. h3 Ng8 10. Re1 f5 11. exf5 Bxf5 12. Ne4 Ba7 13. Ng3 Bd7 14. d4 exd4 15.
cxd4 Na5 16. Bc2 Nf6 17. Bg5 Qc8 18. Qd3 Bb5 19. Qc3 Bb6 20. Bxf6 Rxf6 21. b4
Nc4 22. a4 Bc6 23. Qd3 Qg8 24. Ng5 h6 25. Nh5 Ne5 26. Rxe5 dxe5 27. Bb3 e4 28.
Qe3 Qd8 29. Nxf6 hxg5 30. Nxe4 Bxd4 31. Qe2 Bxe4 32. Rd1 Bh7 33. Qg4 Bxf2+ 34.
Kxf2 Qf6+ 35. Kg1 Rd8 36. Rf1 Qe7 37. Kh1 Rf8 38. Rxf8+ Qxf8 39. Qxg5 Qf6 40.
Qxf6 gxf6 41. Bd5 b6 42. a5 bxa5 43. bxa5 Bd3 44. Kg1 Kg7 45. Kf2 Bb5 46. Ke3
c5 47. Be4 Bf1 48. h4 f5 49. Bf3 Kf6 50. g3 Bb5 51. Be2 c4 52. Kd4 c3 53. Bd1
f4 54. gxf4 Kf5 55. h5 Bd7 56. Kxc3 Kxf4 57. h6 1-0

[Event "Madrid-chT 1920"]
[Site "Madrid"]
[Date "2020.02.08"]
[Round "8.4"]
[White "Ingunza Curro, Andres"]
[Black "Guerrero Vargas, Andres Jesus"]
[Result "0-1"]
[WhiteElo "2101"]
[BlackElo "2351"]
[PlyCount "104"]
[EventDate "2019.11.24"]
[EventType "team-tourn"]
[EventRounds "14"]
[EventCountry "ESP"]
[SourceVersionDate "2019.11.24"]
[WhiteTeam "Tajamar"]
[BlackTeam "Villalba 64"]
[WhiteTeamCountry "ESP"]
[BlackTeamCountry "ESP"]

1. e4 e5 2. Nf3 Nc6 3. Bc4 Nf6 4. d3 Bc5 5. h3 d6 6. c3 h6 7. Nbd2 Qe7 8. b4
Bb6 9. a4 a6 10. a5 Ba7 11. Qe2 Be6 12. b5 axb5 13. Bxb5 Bd7 14. a6 bxa6 15.
Rxa6 Nb8 16. Bxd7+ Nbxd7 17. d4 O-O 18. O-O Bb6 19. Re1 Ba5 20. Rxa8 Rxa8 21.
Qd3 Bb6 22. Nc4 Ra1 23. Kh2 Ra2 24. Bd2 Qe8 25. Nh4 Nf8 26. Nxb6 cxb6 27. Nf5
exd4 28. cxd4 Qd7 29. Bf4 d5 30. exd5 Nxd5 31. Bg3 Ra5 32. Qf3 Ne6 33. Re5 Kh7
34. Qb3 f6 35. Re1 Rb5 36. Qa3 Nef4 37. Ne3 Nxe3 38. fxe3 Ng6 39. Qa4 Qd5 40.
e4 Qg5 41. e5 Rb2 42. e6 Qd5 43. Rg1 Qxe6 44. Qa8 Ne7 45. Qe8 Re2 46. Qd8 Nd5
47. Re1 Rxe1 48. Bxe1 Qe4 49. Qd7 Ne3 50. Kg3 Qxg2+ 51. Kf4 Nd5+ 52. Kf5 Qxh3+
0-1

[Event "Madrid-chT 1920"]
[Site "Madrid"]
[Date "2020.02.08"]
[Round "8.5"]
[White "Aymerich Verdaguer, Eduard"]
[Black "Martinez Aragon, Aitor"]
[Result "1/2-1/2"]
[WhiteElo "2216"]
[BlackElo "2060"]
[PlyCount "54"]
[EventDate "2019.11.24"]
[EventType "team-tourn"]
[EventRounds "14"]
[EventCountry "ESP"]
[SourceVersionDate "2019.11.24"]
[WhiteTeam "Villalba 64"]
[BlackTeam "Tajamar"]
[WhiteTeamCountry "ESP"]
[BlackTeamCountry "ESP"]

1. d4 Nf6 2. c4 e6 3. a3 b6 4. Nc3 Bb7 5. Qc2 c5 6. e3 Be7 7. f3 O-O 8. Bd3
cxd4 9. exd4 h6 10. Nge2 d5 11. O-O dxc4 12. Bxc4 Na6 13. Be3 Rc8 14. Ba2 Nc7
15. Rac1 Ncd5 16. Qd3 Qd7 17. Nxd5 Bxd5 18. Bb1 Rxc1 19. Rxc1 Rc8 20. Rc3 Bb7
21. Bf4 Bd6 22. Be5 Rxc3 23. Nxc3 Bxe5 24. dxe5 Qxd3 25. Bxd3 Nd7 26. f4 g5 27.
g3 gxf4 1/2-1/2

[Event "Madrid-chT 1920"]
[Site "Madrid"]
[Date "2020.02.08"]
[Round "8.6"]
[White "Sahuquillo Cruz, Alejandro"]
[Black "Perdomo Araujo, Angel Eduardo"]
[Result "1-0"]
[WhiteElo "1983"]
[BlackElo "2033"]
[PlyCount "81"]
[EventDate "2019.11.24"]
[EventType "team-tourn"]
[EventRounds "14"]
[EventCountry "ESP"]
[SourceVersionDate "2019.11.24"]
[WhiteTeam "Tajamar"]
[BlackTeam "Villalba 64"]
[WhiteTeamCountry "ESP"]
[BlackTeamCountry "ESP"]

1. e4 d5 2. exd5 Qxd5 3. Nc3 Qd6 4. d4 c6 5. Nf3 Bg4 6. Be2 Nf6 7. O-O Nbd7 8.
Be3 e6 9. Qd2 Qc7 10. Bf4 Bd6 11. Bg3 h6 12. Rfe1 O-O-O 13. Qe3 Nd5 14. Nxd5
exd5 15. b4 Rde8 16. Qd3 Bxg3 17. hxg3 Re7 18. Reb1 Rhe8 19. Bf1 Re4 20. b5 c5
21. b6 Nxb6 22. dxc5 Qxc5 23. Rb5 Qc7 24. a4 Bd7 25. Rb3 Bxa4 26. Rba3 Kb8 27.
Nd4 Qd7 28. Qd2 Nc4 29. Bxc4 dxc4 30. c3 Bc6 31. f3 Re3 32. Rxa7 Re1+ 33. Kh2
Rxa1 34. Rxa1 g5 35. Qa2 Qd5 36. Nxc6+ Qxc6 37. Qa7+ Kc7 38. Ra5 Kd6 39. Qd4+
Ke7 40. Rc5 Qd6 41. Re5+ 1-0

[Event "Madrid-chT 1920"]
[Site "Madrid"]
[Date "2020.02.15"]
[Round "9.1"]
[White "Moreno Trujillo, Alejandro"]
[Black "Sanchez Gonzalez, Sergio"]
[Result "1/2-1/2"]
[WhiteElo "2505"]
[BlackElo "2286"]
[PlyCount "79"]
[EventDate "2019.11.24"]
[EventType "team-tourn"]
[EventRounds "14"]
[EventCountry "ESP"]
[SourceVersionDate "2019.11.24"]
[WhiteTeam "Villalba 64"]
[BlackTeam "Liberty Chess"]
[WhiteTeamCountry "ESP"]
[BlackTeamCountry "ESP"]

1. d4 Nf6 2. c4 e6 3. Nc3 Bb4 4. e3 O-O 5. Nge2 d5 6. a3 Be7 7. cxd5 Nxd5 8. e4
Nxc3 9. bxc3 c5 10. g3 cxd4 11. cxd4 Bd7 12. Bg2 Bb5 13. O-O Nc6 14. d5 exd5
15. exd5 Ne5 16. a4 Ba6 17. Bf4 Bf6 18. Bxe5 Bxe5 19. Rc1 Bd6 20. Bf3 Qa5 21.
Qc2 Rae8 22. Rfd1 Re7 23. Nd4 Rfe8 24. Kg2 Rc7 25. Qb3 Rxc1 26. Rxc1 Qd2 27.
Qd1 Qxd1 28. Rxd1 g6 29. Nb5 Bxb5 30. axb5 Rd8 31. Rd2 Kf8 32. Ra2 Bc5 33. Rc2
Bb6 34. Re2 Rd7 35. Kf1 Bc5 36. Rc2 Rc7 37. d6 Bxd6 38. Rxc7 Bxc7 39. Bxb7 Bb6
40. Bd5 1/2-1/2

[Event "Madrid-chT 1920"]
[Site "Madrid"]
[Date "2020.02.15"]
[Round "9.2"]
[White "Fernandez Garcia, Miguel Angel"]
[Black "Gascon del Nogal, Jose Rafael"]
[Result "0-1"]
[WhiteElo "2260"]
[BlackElo "2441"]
[PlyCount "54"]
[EventDate "2019.11.24"]
[EventType "team-tourn"]
[EventRounds "14"]
[EventCountry "ESP"]
[SourceVersionDate "2019.11.24"]
[WhiteTeam "Liberty Chess"]
[BlackTeam "Villalba 64"]
[WhiteTeamCountry "ESP"]
[BlackTeamCountry "ESP"]

1. d4 Nf6 2. c4 c5 3. d5 g6 4. Nc3 Bg7 5. e4 O-O 6. Bd3 d6 7. Nge2 e6 8. O-O
Ng4 9. f3 Ne5 10. Be3 exd5 11. Nxd5 Nbc6 12. Rb1 f5 13. b3 g5 14. exf5 Nxd3 15.
Qxd3 Bxf5 16. Qd2 Bxb1 17. Bxg5 Qd7 18. Rxb1 Rae8 19. Ng3 Nd4 20. Ne4 Re6 21.
Qd3 Kh8 22. Bf4 Rg6 23. Bg3 Nf5 24. Kf1 Bd4 25. Ke2 h5 26. Nf4 Nxg3+ 27. Nxg3
Qe8+ 0-1

[Event "Madrid-chT 1920"]
[Site "Madrid"]
[Date "2020.02.15"]
[Round "9.3"]
[White "Ruperez Benito, Antonio"]
[Black "Perez Gonzalez, Jose Manuel"]
[Result "1-0"]
[WhiteElo "2353"]
[BlackElo "2205"]
[PlyCount "65"]
[EventDate "2019.11.24"]
[EventType "team-tourn"]
[EventRounds "14"]
[EventCountry "ESP"]
[SourceVersionDate "2019.11.24"]
[WhiteTeam "Villalba 64"]
[BlackTeam "Liberty Chess"]
[WhiteTeamCountry "ESP"]
[BlackTeamCountry "ESP"]

1. e4 d6 2. d4 Nf6 3. Nc3 g6 4. Nf3 Bg7 5. Bc4 Nc6 6. Be3 O-O 7. h3 Nxe4 8.
Nxe4 d5 9. Bd3 dxe4 10. Bxe4 f5 11. Bxc6 bxc6 12. O-O c5 13. d5 Bxb2 14. Rb1
Bf6 15. c4 e6 16. Bxc5 Re8 17. Qa4 Bd7 18. Qa6 exd5 19. cxd5 Re4 20. Rfd1 Ra4
21. Qb7 Qc8 22. Qb3 Ra5 23. d6+ Kg7 24. Bd4 Bxd4 25. Rxd4 Rb5 26. Rb4 Rxb4 27.
Qxb4 cxd6 28. Qxd6 Be6 29. Qe7+ Bf7 30. Ng5 Qc4 31. Qb7 Re8 32. Qxa7 h6 33.
Nxf7 1-0

[Event "Madrid-chT 1920"]
[Site "Madrid"]
[Date "2020.02.15"]
[Round "9.4"]
[White "Barraza Caracuel, Ignacio"]
[Black "Guerrero Vargas, Andres Jesus"]
[Result "0-1"]
[WhiteElo "2128"]
[BlackElo "2351"]
[PlyCount "42"]
[EventDate "2019.11.24"]
[EventType "team-tourn"]
[EventRounds "14"]
[EventCountry "ESP"]
[SourceVersionDate "2019.11.24"]
[WhiteTeam "Liberty Chess"]
[BlackTeam "Villalba 64"]
[WhiteTeamCountry "ESP"]
[BlackTeamCountry "ESP"]

1. d4 Nf6 2. Nf3 g6 3. c4 Bg7 4. Nc3 O-O 5. Bg5 d6 6. e3 h6 7. Bh4 c5 8. d5 e6
9. Be2 exd5 10. cxd5 Na6 11. Nd2 Nc7 12. e4 b5 13. Nxb5 Nxb5 14. Bxb5 Qa5 15.
Bd3 Nxe4 16. Bxe4 Ba6 17. Qc2 Rab8 18. Rb1 Rb4 19. b3 Rd4 20. Kd1 f5 21. Re1
fxe4 0-1

[Event "Madrid-chT 1920"]
[Site "Madrid"]
[Date "2020.02.15"]
[Round "9.5"]
[White "Vega Gomez, Francisco Borja"]
[Black "Hinojar Diez, David"]
[Result "1-0"]
[WhiteElo "2264"]
[BlackElo "2109"]
[PlyCount "90"]
[EventDate "2019.11.24"]
[EventType "team-tourn"]
[EventRounds "14"]
[EventCountry "ESP"]
[SourceVersionDate "2019.11.24"]
[WhiteTeam "Villalba 64"]
[BlackTeam "Liberty Chess"]
[WhiteTeamCountry "ESP"]
[BlackTeamCountry "ESP"]

1. Nf3 d5 2. d4 Nf6 3. c4 e6 4. e3 Be7 5. Nbd2 O-O 6. Bd3 Nbd7 7. O-O b6 8.
cxd5 exd5 9. b3 Bb7 10. Bb2 Re8 11. Ne5 Nxe5 12. dxe5 Nd7 13. Qg4 Nf8 14. f4
Bc8 15. e6 Bf6 16. exf7+ Kxf7 17. Qh5+ g6 18. Bxf6 Qxf6 19. Qxd5+ Be6 20. Qd4
Qxd4 21. exd4 Rad8 22. Nf3 Kg7 23. Bb5 Bd7 24. Bxd7 Rxd7 25. Rfe1 Rxe1+ 26.
Rxe1 Kf6 27. Kf2 Ne6 28. Re4 h5 29. Ke3 Ng7 30. h3 Nf5+ 31. Kd3 c5 32. g4 hxg4
33. hxg4 Nd6 34. Re5 cxd4 35. Nxd4 Nb7 36. b4 Nd8 37. Ke4 Kf7 38. Rd5 Re7+ 39.
Kd3 Ke8 40. Rxd8+ Kxd8 41. Nc6+ Kd7 42. Nxe7 Kxe7 43. Kd4 Kd6 44. f5 gxf5 45.
gxf5 a5 1-0

[Event "Madrid-chT 1920"]
[Site "Madrid"]
[Date "2020.02.15"]
[Round "9.6"]
[White "Suarez Triguero, Jose Alfonso"]
[Black "Aymerich Verdaguer, Eduard"]
[Result "0-1"]
[WhiteElo "2043"]
[BlackElo "2216"]
[PlyCount "83"]
[EventDate "2019.11.24"]
[EventType "team-tourn"]
[EventRounds "14"]
[EventCountry "ESP"]
[SourceVersionDate "2019.11.24"]
[WhiteTeam "Liberty Chess"]
[BlackTeam "Villalba 64"]
[WhiteTeamCountry "ESP"]
[BlackTeamCountry "ESP"]

1. e4 c5 2. c4 e6 3. Nc3 d6 4. Nf3 b6 5. d4 cxd4 6. Nxd4 Nf6 7. Be2 Bb7 8. f3
a6 9. Be3 Be7 10. Qd2 Nbd7 11. O-O O-O 12. Rfd1 Rc8 13. Rac1 Qc7 14. Bf1 Qb8
15. b3 Bd8 16. Kh1 Bc7 17. Bg1 Rfe8 18. Nc2 h5 19. Ne3 Nf8 20. Qf2 Ng6 21. Bd3
Qa8 22. Bb1 h4 23. h3 Nh5 24. Nf1 b5 25. cxb5 Ba5 26. Qb2 Ngf4 27. b4 Bc7 28.
bxa6 Bxa6 29. b5 Bb7 30. b6 Bb8 31. Bf2 d5 32. exd5 exd5 33. Bd4 Rc4 34. Qf2
Qa3 35. Qc2 g6 36. Qb3 Qe7 37. a4 Qg5 38. Rc2 Ba6 39. Nb5 Rxc2 40. Qxc2 Re2 41.
Qxe2 Nxe2 42. Be3 0-1

[Event "Madrid-chT 1920"]
[Site "Madrid"]
[Date "2020.02.16"]
[Round "9.1"]
[White "Pulvett Marin, Daniel Eduardo"]
[Black "Martinez Fernandez, Raul"]
[Result "1-0"]
[WhiteElo "2489"]
[BlackElo "2201"]
[PlyCount "105"]
[EventDate "2019.11.24"]
[EventType "team-tourn"]
[EventRounds "14"]
[EventCountry "ESP"]
[SourceVersionDate "2019.11.24"]
[WhiteTeam "Collado Villalba"]
[BlackTeam "San Sebastian de los Reyes"]
[WhiteTeamCountry "ESP"]
[BlackTeamCountry "ESP"]

1. d4 d5 2. c4 e6 3. Nc3 c5 4. cxd5 exd5 5. Nf3 Nc6 6. g3 Nf6 7. Bg2 Be7 8. O-O
O-O 9. Bg5 cxd4 10. Nxd4 h6 11. Be3 Re8 12. Rc1 Be6 13. Nxc6 bxc6 14. Na4 Qd7
15. Bc5 Bd8 16. Bd4 Bg4 17. f3 Bf5 18. Nc5 Qc8 19. Rf2 Nd7 20. e4 Nxc5 21. exf5
Nd7 22. Qa4 Nb6 23. Qxc6 Re1+ 24. Rf1 Rxc1 25. Rxc1 Qxf5 26. f4 Kh7 27. Qb7 Qd3
28. Bf2 Bf6 29. Bf1 Qd2 30. Re1 Bd4 31. Re2 Bxf2+ 32. Rxf2 Qd4 33. Qxf7 Nc4 34.
Qf5+ Kg8 35. Qd3 Qc5 36. b4 Qc6 37. Qd4 Nb6 38. Re2 Re8 39. Qc5 Qd7 40. Bh3 Qf7
41. Re5 Rxe5 42. fxe5 Qg6 43. a4 Qb1+ 44. Bf1 Qe4 45. e6 Qxe6 46. a5 Nc8 47. b5
Kf7 48. h3 Kf6 49. Bg2 Nd6 50. Kh2 Ne4 51. Qd4+ Kg6 52. b6 axb6 53. Bxe4+ 1-0

[Event "Madrid-chT 1920"]
[Site "Madrid"]
[Date "2020.02.16"]
[Round "9.2"]
[White "Olazagoitia Rodriguez, Jose Luis"]
[Black "Martin Duque, Jesus"]
[Result "1-0"]
[WhiteElo "2188"]
[BlackElo "2446"]
[PlyCount "133"]
[EventDate "2019.11.24"]
[EventType "team-tourn"]
[EventRounds "14"]
[EventCountry "ESP"]
[SourceVersionDate "2019.11.24"]
[WhiteTeam "San Sebastian de los Reyes"]
[BlackTeam "Collado Villalba"]
[WhiteTeamCountry "ESP"]
[BlackTeamCountry "ESP"]

1. e4 c5 2. Nf3 e6 3. d3 Nc6 4. g3 d5 5. Nbd2 Nf6 6. Bg2 Be7 7. O-O O-O 8. Re1
b5 9. Qe2 a5 10. e5 Nd7 11. Nf1 b4 12. h4 Ba6 13. h5 Rc8 14. h6 g6 15. N1h2 Qb6
16. c3 a4 17. a3 bxc3 18. bxc3 Rb8 19. Ng4 Qd8 20. Qc2 Na5 21. Bf4 Nb3 22. Ra2
Rb6 23. Bf1 Bb7 24. d4 cxd4 25. cxd4 Nb8 26. Qc3 Nc6 27. Qe3 Ba6 28. Rd1 Bxf1
29. Kxf1 Nba5 30. Kg2 Rb3 31. Qc1 Nc4 32. Bg5 Kh8 33. Bf6+ Bxf6 34. Nxf6 Rxf3
35. Kxf3 N6xe5+ 36. dxe5 Nxe5+ 37. Kg2 Qxf6 38. Qc3 Rd8 39. Rb2 Ng4 40. Qxf6+
Nxf6 41. Rb4 Ng8 42. Rh1 d4 43. Rxa4 d3 44. Kf3 e5 45. Ke4 Nxh6 46. Kxe5 Re8+
47. Kf4 Nf5 48. Rd1 Ng7 49. Ra7 Ne6+ 50. Ke3 Nc5+ 51. Kd4 Rc8 52. Rxf7 d2 53.
Rf3 Kg7 54. Re3 Kf6 55. Rxd2 Na4 56. Rf3+ Kg5 57. Rf7 h5 58. Ke3 Nb6 59. Rd3
Nc4+ 60. Ke2 Rc5 61. Rfd7 Rc6 62. R7d4 Nb2 63. Rb3 Nc4 64. a4 Kf6 65. Rb5 Re6+
66. Kd3 Ne5+ 67. Kc3 1-0

[Event "Madrid-chT 1920"]
[Site "Madrid"]
[Date "2020.02.16"]
[Round "9.3"]
[White "Quispe Arteaga, Gabriel"]
[Black "Alfaya Marcelo, Roberto"]
[Result "1-0"]
[WhiteElo "2407"]
[BlackElo "2145"]
[PlyCount "93"]
[EventDate "2019.11.24"]
[EventType "team-tourn"]
[EventRounds "14"]
[EventCountry "ESP"]
[SourceVersionDate "2019.11.24"]
[WhiteTeam "Collado Villalba"]
[BlackTeam "San Sebastian de los Reyes"]
[WhiteTeamCountry "ESP"]
[BlackTeamCountry "ESP"]

1. Nf3 Nf6 2. d4 e6 3. c4 b6 4. g3 Bb7 5. Bg2 Be7 6. O-O O-O 7. Re1 Na6 8. Nc3
d5 9. cxd5 exd5 10. Bf4 Ne4 11. h4 Bf6 12. e3 c5 13. Rc1 h6 14. Nh2 g5 15. hxg5
hxg5 16. Be5 Bxe5 17. dxe5 f5 18. Qh5 Kg7 19. Nxe4 fxe4 20. Rcd1 Rh8 21. Qg4
Bc8 22. Qe2 Qg8 23. Ng4 Nb4 24. f4 Qe6 25. Nf6 Ba6 26. Qg4 Qxg4 27. Nxg4 Nd3
28. Rf1 Nxb2 29. Rxd5 Rad8 30. Rxd8 Rxd8 31. Rc1 Bc8 32. Nf2 Rd3 33. Rc2 Na4
34. Nxe4 Rxe3 35. Kf2 gxf4 36. gxf4 Rd3 37. Nd6 Bg4 38. Be4 Rd4 39. Ke3 Kf8 40.
f5 Bd1 41. Rh2 Nc3 42. f6 Rxd6 43. exd6 Ba4 44. Rh7 Nxe4 45. Kxe4 Bc6+ 46. Ke5
c4 47. Rc7 1-0

[Event "Madrid-chT 1920"]
[Site "Madrid"]
[Date "2020.02.16"]
[Round "9.4"]
[White "Hernandez Ramos, David"]
[Black "Suarez Uriel, Adrian"]
[Result "1-0"]
[WhiteElo "2043"]
[BlackElo "2371"]
[PlyCount "97"]
[EventDate "2019.11.24"]
[EventType "team-tourn"]
[EventRounds "14"]
[EventCountry "ESP"]
[SourceVersionDate "2019.11.24"]
[WhiteTeam "San Sebastian de los Reyes"]
[BlackTeam "Collado Villalba"]
[WhiteTeamCountry "ESP"]
[BlackTeamCountry "ESP"]

1. d4 Nf6 2. c4 g6 3. Nc3 d5 4. cxd5 Nxd5 5. Bd2 Nb6 6. Nf3 Bg7 7. Rc1 Nc6 8.
Bf4 O-O 9. e3 Be6 10. Be2 h6 11. Bg3 f5 12. h4 Bf7 13. b3 Rc8 14. O-O e6 15.
Bb5 Be8 16. Qe2 a6 17. Bc4 Nxc4 18. bxc4 Na5 19. Rfd1 Qe7 20. c5 Nc6 21. Rd2
Nd8 22. a3 Kh7 23. Qd1 Nf7 24. Rb1 Bc6 25. Na2 a5 26. Nc1 Be4 27. Rb5 Qd7 28.
Rxa5 Ra8 29. Rxa8 Rxa8 30. Qb3 Bd5 31. Qb2 b6 32. cxb6 cxb6 33. Nd3 Qb7 34. Rc2
Ra7 35. Rc7 Qa8 36. Qxb6 Rxc7 37. Qxc7 Kg8 38. Nde5 Nxe5 39. Nxe5 Qe8 40. a4
Qxa4 41. Qf7+ Kh7 42. Qxg6+ Kg8 43. Qf7+ Kh7 44. Nd7 Qd1+ 45. Kh2 Kh8 46. Nf6
Bxf6 47. Qxf6+ Kg8 48. Qg6+ Kf8 49. Bd6# 1-0